000 00652nam a2200241 i 4500
001 768714001
003 CO-MdFUSB
005 20241202164711.0
007 ta
008 200225t1999 -us |||| |||| 00| 0 eng d
020 _a[No incluye ISBN]
040 _aCO-MdFUSB
_bspa
_cCO-MdFUSB
_dCO-MdFUSBC
_erda
041 _aeng
100 _aYancey, Philip.
245 4 _aThe Bible Jesus read
_c/ Philip Yancey
264 1 _aEstados Unidos :
_bZondervan,
_c[1999]
264 4 _c© 1999
300 _a14 páginas
_c; 18 cm
336 _2rdacontent
_atexto
_btxt
337 _2rdamedia
_asin mediación
_bn
338 _2rdacarrier
_avolumen
_bnc
942 _cAV
999 _c65404
_d65404